Evolución reciente de la política exterior y seguridad nacional de Honduras /

Պահպանված է:
Մատենագիտական մանրամասներ
Հիմնական հեղինակ: Paz Aguilar, Ernesto
Համատեղ հեղինակներ: Latin American and Caribbean Center, Florida International University
Ձևաչափ: Տեքստ
Հրապարակվել է: Miami: LACC
Ցուցիչներ: Ավելացրեք ցուցիչ
Չկան պիտակներ, Եղեք առաջինը, ով նշում է այս գրառումը!

MARC

LEADER 00000 a a2200000 04500
001 23822
003
040
090 |a 168700  
100 |a Paz Aguilar, Ernesto  
110 |a Latin American and Caribbean Center  
245 |a Evolución reciente de la política exterior y seguridad nacional de Honduras /  |c Latin American and Caribbean Center  
260 |a Miami:   |b LACC  
300 |a 52 p  
710 |a Florida International University  
999 |c 15320  |d 15320